| 000 | 00701nam a2200229 a 4500 | ||
|---|---|---|---|
| 001 | 60198 | ||
| 003 | BD-RjUL | ||
| 005 | 20211209080820.0 | ||
| 008 | 161228s1992 enk 000 0 eng d | ||
| 020 | _a1853391395 | ||
| 035 | _a(BD-RjUL) 60322 | ||
| 040 |
_aBD-RjUL _beng _cBD-RjUL _dBD-RjUL |
||
| 041 | _aeng | ||
| 082 |
_a334.6 _223 _bHAT 1992 |
||
| 100 | 1 |
_aHarper, Malcolm, _d1935- _9179222 |
|
| 245 | 1 | 0 |
_aTheir own idea : _blessons from workers' co-operatives / _cMalcolm Harper |
| 260 |
_aLondon : _bIntermediate Technology Publications, _c1992 |
||
| 300 |
_aviii, 149 p ; _c21 cm : _bill. |
||
| 504 | _aBibliography: p148-149 | ||
| 650 | 0 |
_aCooperation _xCase studies _9179223 |
|
| 942 |
_2ddc _cBK |
||
| 999 |
_c60198 _d60198 |
||